000 00679nam a2200205Ia 4500
001 17032
003 GE_BSU
008 181216s||||||||xx |||||||||||||| ||und||
040 _cGE_BSU
080 _a821.161.1-32
100 _aლეონოვი, ლეონიდ
245 _aEvgenia Ivanovna : ["ევგენია ივანოვნა"]
245 _cთარგმნა ა. ჭუმბაძემ
260 _aთბილისი
260 _bნაკადული
260 _c1967
300 _a130გვ. : 1 ფ. პორტრ. ; 17სმ.
653 _aEvgenia Ivanovna : ["ევგენია ივანოვნა"]
942 _cBK
999 _c50094
_d50094